Bilecik Bilecik Bilecik Bilecik Bilecik

Fen Bilimleri atıf indeksinin ülkemiz ve dünya bilimi açısından önemi : (Record no. 14949)

MARC details
000 -BAŞLIK
Sabit Uzunluktaki Kontrol Alanı 01534nam a22004097a 4500
001 - KONTROL NUMARASI
Control Dosyası 0014986
003 - KONTROL NUMARASI KİMLİĞİ
Kontrol Alanı KOHA_MİRAKIL
005 - EN SON İŞLEM TARİHİ ve ZAMANI
Kontrol Alanı 20260207002013.0
007 - FİZİKSEL TANIM SABİT ALAN - GENEL BİLGİ
Sabit uzunluklu kontrol alanı ta
008 - SABİT UZUNLUKTAKİ VERİ ÖGELERİ - GENEL BİLGİ
Sabit Alan 100310b2003 tu |||gr||||#||||0|tur |
020 ## - ISBN - ULUSLARARASI STANDART KİTAP NUMARASI
Isbn 9750601955
Kullanılabilirlik koşulları 0,01
040 ## - KATALOGLAMA KAYNAĞI
Özgün Kataloglama Kurumu TR-BiSEU
Kataloglama Dili tur
Çeviri Kurumu TR-BiSEU
Açıklama Kuralları rda
041 0# - DİL KODU
Metin ya da ses kaydının dil kodu tur
044 ## - YAYINLAYAN/ÜRETEN KURULUŞUN ÜLKE KODU
ISO country code tu
050 ## - SINIFLAMA ve YER NUMARASI
Sınıflama Numarası Z711
Yer Numarası .F46 2003
111 2# - TOPLANTI ADI
Toplantı Adı Anadaolu Üniversitesi Eczacılık Fakültesi ve Sağlık Bilimleri Enstitüsü Seri Konferansları (2002 : Eskişehir)
9 (RLIN) 34799
245 1# - ESER ADI BİLDİRİMİ
Başlık Fen Bilimleri atıf indeksinin ülkemiz ve dünya bilimi açısından önemi :
Alt Eseradı vb. Anadaolu Üniversitesi Eczacılık Fakültesi ve Sağlık Bilimleri Enstitüsü seri konferansları Mart-Mayıs 2002, Eskişehir/
Sorumluluk Bildirimi editörYusuf Öztürk, Ümit Uçucu.
264 #1 - ÜRERİM, YAYIN, DAĞITIM ve TELİF BİLDİRİMİ
Yayın yeri Eskişehir :
Yayınlayan Anadolu Üniversitesi
Yayın tarihi 2003
300 ## - FİZİKSEL TANIMLAMA
Sayfa, Cilt vb. xi, 69 sayfa: tablo, grafik; 27 cm.
336 ## - İÇERİK TÜRÜ
Content type term metin
Content type code txt
Source rdacontent
337 ## - MEDYA TÜRÜ
Media type term aracısız
Media type code n
Source rdamedia
338 ## - TAŞIYICI TÜRÜ
Carrier type term cilt
Carrier type code nc
Source rdacarrier
490 1# - DİZİ BİLDİRİMİ
Dizi Bildirimi Anadolu Üniversitesi yayınları ;
Cilt Numarası no.
490 1# - DİZİ BİLDİRİMİ
Dizi Bildirimi 1463.
490 1# - DİZİ BİLDİRİMİ
Dizi Bildirimi A.Ü.
490 1# - DİZİ BİLDİRİMİ
Dizi Bildirimi Sağlık Bilimleri Enstitüsü yayınları ;
Cilt Numarası no.
490 1# - DİZİ BİLDİRİMİ
Dizi Bildirimi 10.
500 ## - GENEL NOT
Genel Not Kaynakça ve dizin var.
650 #0 - KONU BAŞLIĞI EK GİRİŞ - KONU TERİMİ
Konusal terim veya coğrafi ad Citation indexes.
9 (RLIN) 34800
650 #0 - KONU BAŞLIĞI EK GİRİŞ - KONU TERİMİ
Konusal terim veya coğrafi ad Atıf indeksleri.
9 (RLIN) 34801
830 1# - SERİ EK GİRİŞİ - TEKBİÇİM ESER ADI
Tekbiçim Başlık Anadolu Üniversitesi yayınları ;
Volume number/sequential designation no.
9 (RLIN) 7107
830 1# - SERİ EK GİRİŞİ - TEKBİÇİM ESER ADI
Tekbiçim Başlık 1463.
9 (RLIN) 34802
830 1# - SERİ EK GİRİŞİ - TEKBİÇİM ESER ADI
Tekbiçim Başlık A.Ü.
9 (RLIN) 30939
830 1# - SERİ EK GİRİŞİ - TEKBİÇİM ESER ADI
Tekbiçim Başlık Sağlık Bilimleri Enstitüsü yayınları ;
Volume number/sequential designation no.
9 (RLIN) 34803
830 1# - SERİ EK GİRİŞİ - TEKBİÇİM ESER ADI
Tekbiçim Başlık 10.
9 (RLIN) 6678
942 ## - EK GİRİŞ ÖGELERİ (KOHA)
Source of classification or shelving scheme Library of Congress Classification
Koha item type Book
Holdings
Materyal Türü Kalıcı Konum Mevcut Konum Raf Yeri Sınıflandırma Kaynağı Edinim Bilgisi Ana Konular Alt Konular Yer Numarası Demirbaş Numarası Fatura Tarihi Geri Çekilme Durumu Kayıp Durumu Hasarlı Durumu Kredi için değil Kayıt Tarih Toplam Ödünçverme Son Görülme Tarihi Son Kontrol Tarihi Genel / Bağış Notu
Book Prof. Dr. Azmi Özcan Kütüphanesi Prof. Dr. Azmi Özcan Kütüphanesi Birûni Salonu Library of Congress Classification Bağış BİBLİYOGRAFYA, KÜTÜPHANE BİLİMİ Kitaplar (Genel), Yazı, Kütüphaneler, Bibliyografya Z711 .F46 2003 0014986 13/08/2010         10/03/2010   05/12/2024 05/12/2024 Genel Bağış